000 02008nam a2200385 i 4500
001 000022418
003 DO-SdBNP
005 20260323101620.0
007 ta
008 101008s2009 dr ac 000 0 spa d
020 _a9789945163209
040 _aDO-SdBNP
_bspa
_cBNPHU
_erda
041 _aspa
049 _aBNPD
082 4 _a323.443
_bL864c
_222
100 1 _aLópez Reyes, Oscar,
_eautor
_4aut.
_9750
245 1 0 _aCrímenes contra la prensa :
_batentados y censuras en República Dominicana (1844-2007) /
_cOscar López Reyes ; prólogo, Huchi Lora.
264 4 _aSanto Domingo :
_bBúho,
_c©2009.
300 _a2 volumenes :
_bilustraciones, retratos ;
_c27 cm.
336 _atexto
_btxt
_2rdacontent
337 _asin mediación
_bn
_2rdamedia
338 _avolumen
_bnc
_2rdacarrier
500 _aIncluye índice onomástico
500 _aIncluye referencias bibliográficas y notas al pie de las páginas
500 _aIncluye datos biográficos del autor en la solapa de la cubierta
505 2 _aV. I Prólogo -- Preámbulo -- Primera República (1844-1861) -- Anexión y restauración (1861-1865) -- Segunda República. Gobiernos sucesivos (1865-1882) -- La dictadura de Lilis (1882-1889) -- Confrontación e inestabilidad (1899-1916) -- Ocupación militar de EE. UU. (1916-1924) -- Mandato de Horacio Vásquez (1924-1930) -- El tiempo de Trujillo (1930-1961) -- Indice onomástico. V. II Prólogo -- Preámbulo -- Hacia la democracia (1961-1966) -- Gestión de Balaguer (1966-1978) -- Decadas democráticas (1978-2007) -- Balance tragico-periodistico (1844-2007) -- Intolerancia e irracionalidad en 163 años -- Entrevistas -- Indice onomástico.
590 _aInventariado, 2026/BT
650 4 _aLibertad de palabra
_zRepública Dominicana
_946216
650 4 _aLibertad de prensa
_946217
650 4 _aCensura
_946218
650 4 _aPolitica y prensa
_936368
650 4 _aPeriodistas dominicanos
_926172
700 1 _aLora, Huchi,
_eprologuista
_4pr.
_919605
942 _2ddc
_cLBS1
999 _c21916
_d21916